000 01201nam a2200349 i 4500
001 bg
003 BPK
005 20200508132901.0
008 970510s1994 pl a f f |001 0 pol
015 _aPB 1994/5506
020 _a8301114657
040 _aWA N
_cBPK
041 1 _apol
_hrus
080 _a532
080 _a(075.8)
100 1 _aLandau, Lew
_d(1908-1968)
_eAutor
245 1 0 _aHydrodynamika /
_cL. D. Landau, E. M. Lifszyc ; [z ros. tł. Paweł Kowalczyk, Ludmiła Skubiszak].
246 1 _iTyt. oryg.:
_aGidrodinamika,
_f1986.
260 _aWarszawa :
_bWydaw. Naukowe PWN,
_c1994.
300 _a673, [2] s. :
_brys., wykr. ;
_c24 cm.
490 1 _aFizyka Teoretyczna.
504 _aIndeks.
655 4 _aPodręczniki akademickie
650 4 _aHydrodynamika
700 1 _aKowalczyk, Paweł
_d(1955- ).
_eTł.
710 2 _aWydawnictwo Naukowe PWN
_4pbl.
700 1 _aSkubiszak, Ludmiła
_eTłumaczenie
700 1 _aLifszyc, Jewgienij
_d(1915-1985)
_eAutor
830 0 _aFizyka Teoretyczna.
856 _uhttp://koha.tu.koszalin.pl/cgi-bin/koha/opac-detail.pl?biblionumber=30692
_yKatalog online BPK
942 _2UKD
_cKS
999 _c30692
_d30692